Hauptstädte der Welt ohne I im Namen - Statistiken

Allgemein
  • Dieses Quiz wurde 130 mal gespielt
    104 seit der letzten Aktualisierung
  • Das Durchschnittsergebnis liegt bei 59 aus 101
Antwortstatistiken
Hint Antwort % Korrekt
Oslo
98%
Bern
95%
London
95%
Rom
95%
Athen
91%
Brüssel
91%
Kopenhagen
91%
Moskau
91%
Stockholm
91%
Europa Amsterdam
89%
Ozeanien Canberra
89%
Warschau
86%
Andorra la Vella
84%
Bukarest
84%
Ottawa
84%
Prag
84%
Belgrad
82%
Budapest
82%
Luxemburg
82%
Monaco
82%
Vaduz
82%
Valletta
80%
Dakar
77%
Jakarta
77%
Rabat
77%
Zagreb
77%
Bagdad
75%
Asien Amman
73%
Ankara
73%
Bangkok
73%
Doha
73%
Male
73%
Kapstadt
70%
Baku
68%
Bogota
68%
Jerusalem
68%
Kabul
68%
Sarajevo
68%
Skopje
68%
Caracas
66%
Nassau
61%
Sucre
61%
Freetown
59%
San Jose
59%
Seoul
59%
Taschkent
59%
Dodoma
57%
Jerewan
57%
Kathmandu
57%
Luanda
57%
Suva
57%
Afrika Abuja
55%
Georgetown
55%
Sanaa
55%
Accra
52%
Belmopan
52%
Damaskus
52%
Lusaka
52%
Phnom Penh
52%
Asgabat
50%
Guatemala-Stadt
50%
Kampala
50%
Khartum
50%
Lome
50%
Manama
50%
Port Moresby
50%
San Salvador
50%
Juba
48%
Managua
48%
Maskat
48%
Ulan Bator
48%
Kuala Lumpur
45%
La Paz
45%
Ljubljana
45%
Pjöngjang
45%
Harare
43%
Asmara
41%
Astana
41%
Roseau
41%
Duschanbe
39%
Jaunde
39%
Maputo
39%
Amerika Basseterre
36%
Colombo
36%
Yamoussoukro
36%
Bamako
34%
Ngerulmud
34%
Nukualofa
34%
Conakry
32%
Mbabane
32%
Porto-Novo
32%
Banjul
30%
Majuro
30%
Maseru
30%
Gaborone
27%
N'Djamena
27%
Nuakschott
16%
Tarawa
16%
Havannah
11%
Sankt Georges
9%
Keine übereinstimmenden Quizze gefunden
Verteilung der Resultate
Anzahl Personen mit jedem Resultat
Perzentil nach korrekt beantworteten Fragen
Ihre Resultats-Entwicklung
Sie haben dieses Quiz seit der letzten Aktualisierung nicht gespielt